000 01015nam a22002777a 4500
003 dpl
005 20180716123149.0
008 180716b xxu||||| |||| 00| 0 eng d
010 _aB-073238
020 _c125.00
035 _aB-073238, B-073242
037 _bCen Lib/Ret
040 _aDPL
_bHN
_c0
082 _a
_bलेखरा
100 _aलेखराज
_9500
245 _aसामन्ती पिंजरे /
_cलेखराज
246 _aSamanti pinjare /
_bby Lekhraj
260 _a दिल्ली
_bलक्ष्मी प्रकाशन
_c2002
270 _b दिल्ली
_aजी-30, गली न., गंगा विहार
_e110094
300 _a91पृ.
_c19सेमी (सजिल्द)
650 _aहिन्दी साहित्य
_963321
650 _a हिंदी कहानियां
_92082
650 _aHindi literature
_963322
650 _aHindi stories
_963323
942 _2ddc
_cHN
_h
_mलेखरा
999 _c115805
_d115805